[Event "Mecklenburg VP U14"]
[Site "Malchow"]
[Date "2016.02.02"]
[Round "1.8"]
[White "Hackmann, Anton"]
[Black "Puls, Luisa"]
[Result "0-1"]
[WhiteElo "884"]
[BlackElo "1246"]
[PlyCount "64"]
[EventDate "2016.02.02"]
[EventType "swiss"]
[EventRounds "7"]
[EventCountry "GER"]
[SourceTitle "EXT 2024"]
[Source "ChessBase"]
[SourceDate "2023.10.10"]
[SourceVersion "1"]
[SourceVersionDate "2023.10.10"]
[SourceQuality "1"]

1. e4 e5 2. Nf3 Nc6 3. Bb5 d6 4. 0-0 Nf6 5. Nc3 Bd7 6. d3 a6 7. Bc4 Be7 8. Ng5 0-0 9. Nd5 Nxd5 10. Bxd5 Bxg5 11. Bxg5 Qxg5 12. Qf3 Nd4 13. Qd1 Bh3 14. g3 Bxf1 15. Qxf1 Qh5 16. Rc1 Ne2+ 17. Kh1 Qf3+ 18. Qg2 Qxg2+ 19. Kxg2 Nxc1 20. Bxb7 Rab8 21. f4 Rxb7 22. h4 exf4 23. gxf4 Rxb2 24. Kg3 Rxc2 25. Kg4 Nxd3 26. f5 g6 27. Kg5 gxf5 28. a4 fxe4 29. a5 Kh8 30. Kh6 Rg8 31. Kh5 Rh2 32. Kh6 Rxh4# 0-1